|
|
|
|
| LEADER |
00000nam a22000007a 4500 |
| 005 |
2011110301131.0 |
| 008 |
111103s2011 sp |||||s|||| 00||0 spa d |
| 020 |
|
|
|a 978-84-9982-144-3
|
| 035 |
|
|
|a 5905
|
| 040 |
|
|
|a vLex
|
| 090 |
|
|
|c 2735
|d 2735
|
| 100 |
1 |
|
|a Cobo del Rosal, Manuel
|
| 245 |
1 |
0 |
|a Justicia Penal Democrt̀ica y Justicia justa. Reflexiones
|h [Recurso electrn̤ico] /
|c Manuel Cobo del Rosal
|
| 256 |
|
|
|a Servicio en ln̕ea.
|
| 260 |
|
|
|a Madrid :
|b Dykinson,
|c 2011
|
| 300 |
|
|
|a 1 recurso electrn̤ico
|
| 506 |
1 |
|
|a Contenido solo disponible en los productos indicados
|d vLex Global
|d vLex Global (Academic Edition, excluding Law Schools)
|d vLex Global (U.S. Academic Edition, Law Schools)
|d vLex Global (U.S. Academic Edition, excluding Law Schools)
|d vLex Global (Academic Edition, Law Schools)
|
| 650 |
0 |
4 |
|a Derecho penal
|z Espaą
|
| 740 |
0 |
|
|a vLex Libros (Servicio en ln̕ea)
|
| 856 |
4 |
0 |
|u http://vlex.com/source/justicia-penal-democratica-justicia-justa-reflexiones-5905
|z Acceso restringido
|
| 942 |
|
|
|c BOOK
|